Biblioteca

La confiabilidad del Antiguo Testamento (Registro nro. 69703)

Detalles MARC
000 -LÍDER
Campo fijo de descripción fija 01613nam a2200337 i 4500
001 - NÚMERO DE CONTROL
Campo de control 768714001
003 - IDENTIFICADOR DEL NÚMERO DE CONTROL
Campo de control CO-MdFUSB
005 - FECHA Y HORA DE LA ULTIMA TRANSACCIÓN
control field 20240516162032.0
007 - CAMPO FIJO DE DESCRIPCIÓN FIJA--INFORMACIÓN GENERAL
Campo fijo de descripción fija ta
008 - ELEMENTOS DE LONGITUD FIJA -- INFORMACIÓN GENERAL
Campo fijo de descripción fija -- Información general 240514t2022 -us |||| |||| 00| 0 spa d
020 ## - NÚMERO INTERNACIONAL NORMALIZADO PARA LIBROS
Número Internacional Normalizado del libro 9781956778281
040 ## - FUENTE DE CATALOGACIÓN
Agencia de catalogación original CO-MdFUSB
Idioma de catalogación spa
Agencia que realiza la transcripción CO-MdFUSB
Agencia que realiza la modificación CO-MdFUSBC
Convenciones de la descripción rda
041 ## - CÓDIGO DE IDIOMA
Código de idioma para texto/pista de sonido o título separado spa
Código de idioma original eng
082 ## - NÚMERO DE CLASIFICACIÓN DECIMAL DEWEY
Número de la edición del Dewey 23
Número de clasificación 221.6
Clave de autor-Numero de item K62
100 ## - ASIENTO PRINCIPAL--NOMBRE PERSONAL
Nombre personal Kitchen, Kenneth Anderson,
Término relacionador autor
240 ## - TITULO UNIFORME
Título uniforme <a href="On the reability of the Old Testament">On the reability of the Old Testament</a>
245 #3 - TÍTULO
Título del Material La confiabilidad del Antiguo Testamento
Mención de responsabilidad, etc. / Kenneth Anderson Kitchen ; traducido por Janín Díaz , Saúl Sarabia
264 #1 - PRODUCCIÓN, PUBLICACIÓN, DISTRIBUCIÓN, MANUFACTURA, Y COPYRIGHT
Nombre del productor, publicador, distribuidor Publicaciones Kerigma,
Lugar de producción, publicación, distribución, manufactura Oregón, Estados Unidos :
Fecha de producción, publicación, distribución, manufactura, o copyright [2022]
264 #4 - PRODUCCIÓN, PUBLICACIÓN, DISTRIBUCIÓN, MANUFACTURA, Y COPYRIGHT
Fecha de producción, publicación, distribución, manufactura, o copyright ©2022
300 ## - DESCRIPCIÓN FÍSICA
Extensión 551 páginas
Dimensiones ; 26 cm
336 ## - TIPO DE CONTENIDO
Fuente rdacontent
Término de tipo de contenido texto
Código de tipo de contenido txt
337 ## - TIPO DE MEDIO
Fuente rdamedia
Nombre del tipo de medio sin mediación
Código del tipo de medio n
338 ## - TIPO DE SOPORTE
Fuente rdacarrier
Nombre del tipo de soporte volumen
Código Tipo de soporte nc
505 ## - NOTA DE CONTENIDO
Título Primero lo primero: ¿Cuál es el asunto en cuestión? --
-- "In Medias Res" --
-- La era de los reinos Hebreos: Dentro y fuera de casa. --
-- Exilio y retorno. --
-- El imperio contraataca. --
-- Saúl, David y Salomón. --
-- Comienzos humildes. --
-- Alrededor y en Canaán. --
-- Éxodo y pacto. --
-- Padres fundadores o fantasmas fugaces. --
-- Los Patriarcas. --
-- Un suplemento vitamínico. --
-- Profetas y profecía. --
-- Hasta matusalén y mucho más allá. --
-- Las últimas cosas. --
-- Algunas conclusiones.
563 ## - NOTA DE ENCUADERNACIÓN
Nota de encuadernación Rústico
630 07 - TITULO UNIFORME
Título uniforme Biblia.
Nombre de parte o sección de la obra Antiguo Testamento
Subdivisión de materia general Crítica, interpretación, etc.
700 ## - ASIENTO SECUNDARIO - NOMBRE PERSONAL
Nombre personal Díaz, Janín,
9 (RLIN) 9159
Responsabilidad traductor
700 ## - ASIENTO SECUNDARIO - NOMBRE PERSONAL
Nombre personal Sarabia, Saúl,
9 (RLIN) 9160
Responsabilidad traductor
942 ## - TIPO DE MATERIAL (KOHA)
Tipo de Item KOHA Libros de Referencia
945 ## - INFORMACIÓN LOCAL DEL REGISTRO
Catalogador JTF-925
Existencias
Estado de Material Estado de Perdido Forma de Clasificación Estado de Dañado No para Préstamo Colección Biblioteca de Origen Biblioteca Permanente Fecha de Adquisición Área Total de Préstamos Signatura Topográfica Código de Barras Última vez visto Ejemplar/Existencia Fecha de Remplazo Tipo de Material Total de Renovaciones Última vez Préstado
    Dewey Decimal Classification     Colección de Referencia Biblioteca FUSBC Biblioteca FUSBC 14/05/2024 BIBLIA   R 221.6 K62c 22263 28/02/2025 Ej. 1 14/05/2024 Libros de Referencia    
    Dewey Decimal Classification     Colección General Biblioteca FUSBC Biblioteca FUSBC 23/07/2024 BIBLIA 1 G 221.6 K62c 22142 06/03/2025 Ej. 1 23/07/2024 Libros General 1 19/02/2025

Biblioteca FUSBC | Teléfono: (57+4) 349 88 10 Ext. 141| WhatsApp (+57) 3005338115 
E-mail: biblioteca@unisbc.edu.co | Calle 76 87-14 Robledo Palenque, Medellín, Colombia

Con tecnología Koha